Obálka Náhled e-knihy:
Epub
Pro půjčování e-knih musíte být přihlášeni.
Jak si půjčit online?

Odyssey one. II, V srdci dění /

Druhé pokračování z řady sci-fi románů, které přibližují dramatické osudy vesmírné lodi LSAK Odyssey a její posádky v čele s kapitánem Ericem Westonem.

Uloženo v:
Série:Odyssey one, část 2
Hlavní autor: Currie, Evan, 1976- (Autor)
Další autoři: Marek, Jakub (Autor)
Médium: E-kniha
Jazyk:Czech
Vydáno: Praha : Euromedia Group, 2023
Vydání:Vydání první
Edice:Sci-fi (Laser)
Témata:
Příbuzné jednotky:Z cyklu:: Odyssey one
Tagy:
Žádné tagy
LEADER 03237nam a2200553 i 4500
001 311952
003 CZ PrSKC
005 20260601215714.0
007 ta
008 230530s2023 xr g 000 f cze
015 |a cnb003502087 
020 |a 9788024289311  |q (brožováno) 
035 |a (OCoLC)1389729038 
040 |a HKG001  |b cze  |d KVG001  |d ABG001  |e rda 
041 1 |a cze  |h eng 
072 7 |a 821.111-3  |x Anglická próza, anglicky psaná  |2 Konspekt 
080 |a 821.111(71)-31  |2 MRF 
080 |a (0:82-311.9)  |2 MRF 
100 1 |a Currie, Evan,  |d 1976-  |7 xx0269157  |4 aut 
240 1 0 |a Heart of matter.  |l Česky 
245 1 0 |a Odyssey one.  |n II,  |p V srdci dění /  |c Evan Currie ; přeložil Jakub Marek 
246 1 |i Název v tiráži:  |a Odyssey one: V srdci dění 
246 3 0 |a V srdci dění 
250 |a Vydání první 
264 1 |a Praha :  |b Euromedia Group,  |c 2023 
300 |a 524 stran ;  |c 19 cm 
336 |a text  |b txt  |2 rdacontent 
337 |a bez média  |b n  |2 rdamedia 
338 |a svazek  |b nc  |2 rdacarrier 
490 1 |a Sci-fi 
500 |a Přeloženo z angličtiny 
500 |a Na obálce uvedeno nakladatelství Laser 
520 2 |a Druhé pokračování z řady sci-fi románů, které přibližují dramatické osudy vesmírné lodi LSAK Odyssey a její posádky v čele s kapitánem Ericem Westonem.  |b Po legendární první plavbě, která pozemšťany zavedla do hlubokého vesmíru plného nových příležitostí, tvorů i děsivých nepřátel, tráví kapitán Eric Weston a posádka vesmírné lodi LSAK Odyssea několik měsíců doma na Zemi, kde admiralita pečlivě zvažuje jejich další osud. Když však noví mimozemští spojenci Země uzavřou se Severoamerickou konfederací obrannou dohodu, vydává se Odyssea splnit nový úkol: vrátit se na Ranquil, válkou zničený domovských svět vzdálených bratranců pozemšťanů, poskytnout mu životně důležitou podporu proti invazi Drasinů. Weston a jeho lidé návrat vítají, avšak po příletu na Ranquil poznávají, že ne všechno je takové, jak se zdá. Drasinové jsou sice hrozivým nepřítelem, Weston ale tuší, že válku, která by mohla navždy změnit tvář vesmíru, vede mocná neviditelná síla, pro jejíž odhalení budou nuceni obětovat loď, kariéru a možná i život... Nakladatelská anotace. 
546 |a Český text 
655 7 |a kanadské romány (anglicky)  |7 fd139325  |2 czenas 
655 7 |a vědecko-fantastické romány  |7 fd133847  |2 czenas 
655 9 |a Canadian fiction (English)  |2 eczenas 
655 9 |a science fiction novels  |2 eczenas 
700 1 |a Marek, Jakub  |7 pna2007403550  |4 trl 
765 1 |t Odyssey one 
787 0 8 |i Z cyklu:  |t Odyssey one  |g 2 
830 0 |a Sci-fi (Laser) 
900 |a ABA001  |b 20 
928 9 |a Euromedia Group - Laser 
928 9 |a Laser 
044 |a xr 
910 |a RBIT002 
998 |d 377033  |a https://core.palmknihy.cz/api/books/377033/cover?rv1tie  |b https://core.palmknihy.cz/api/books/377033/cover/400?rv1tie  |c https://core.palmknihy.cz/api/books/377033/cover/50?rv1tie  |e 2027-12-12  |g 528  |i 9788024289311  |j https://core.palmknihy.cz/api/books/377033/preview.epub  |l   |q 49  |r 1  |s https://www.palmknihy.cz/kniha/377033  |t ebook  |y 2023  |z 0  |v Odyssey One  |w 2 
999 |d 311950